Test de rapidité : AAA, BBB, CCC etc - Statistiques

Statistiques générales
  • Ce quiz a été pris 716 fois
  • Le résultat moyen est 13 sur 26
Statistiques - réponses
Hint Réponse % Correct
a aaa
100%
e eee
82%
b bbb
80%
d ddd
78%
c ccc
77%
f fff
73%
g ggg
70%
i iii
68%
h hhh
67%
j jjj
61%
k kkk
56%
l lll
52%
o ooo
51%
m mmm
50%
p ppp
46%
r rrr
39%
n nnn
38%
q qqq
32%
t ttt
31%
s sss
24%
u uuu
24%
z zzz
20%
y yyy
19%
v vvv
14%
w www
9%
x xxx
8%
Aucun quiz correspondant
Distribution des résultats
% des personnes avec chaque résultat
Percentile par nombre de réponses
Votre historique - résultats
Vous n’avez pas pris ce quiz